Online
Catalog

Arthur Miller / (Record no. 2973)

MARC details
000 -CABECERA
campo de control de longitud fija 00957cam a2200265 a 4500
001 - NÚMERO DE CONTROL
campo de control 000003142
005 - FECHA Y HORA DE LA ÚLTIMA TRANSACCIÓN
campo de control 20200929150337.0
008 - DATOS DE LONGITUD FIJA--INFORMACIÓN GENERAL
campo de control de longitud fija 791114s1971 ag b 001 0 spa
040 ## - FUENTE DE LA CATALOGACIÓN
Centro catalogador/agencia de origen DO-SdBNP
Centro/agencia transcriptor DLC
Centro/agencia modificador DLC
041 17 - CÓDIGO DE LENGUA
Código de lengua del texto/banda sonora o título independiente spa
Código de lengua original eng
Fuente del código Código de idioma MARC
082 ## - NÚMERO DE LA CLASIFICACIÓN DECIMAL DEWEY
Número de clasificación 812.54
Número de documento/Ítem M647M
100 1# - ENTRADA PRINCIPAL--NOMBRE DE PERSONA
Nombre de persona Moss, Leonard,
Fechas asociadas al nombre 1931-
9 (RLIN) 9912
240 10 - TÍTULO UNIFORME
Título uniforme Arthur Miller.
Lenguaje de la obra Español
245 10 - MENCIÓN DE TÍTULO
Título Arthur Miller /
Mención de responsabilidad, etc. Leonard Moss; traducción, Lucrecia C. de Mathé.
260 ## - PUBLICACIÓN, DISTRIBUCIÓN, ETC.
Lugar de publicación, distribución, etc. Buenos Aires :
Nombre del editor, distribuidor, etc. Compañía General Fabril,
Fecha de publicación, distribución, etc. 1971.
300 ## - DESCRIPCIÓN FÍSICA
Extensión 165 p. ;
Dimensiones 20 cm.
490 1# - MENCIÓN DE SERIE
Mención de serie Testimonios
534 ## - NOTA SOBRE LA VERSIÓN ORIGINAL
Encabezamiento principal del original Título original:
Mención de título del original Arthur Miller.
650 #4 - PUNTO DE ACCESO ADICIONAL DE MATERIA--TÉRMINO DE MATERIA
Término de materia o nombre geográfico como elemento de entrada Teatro estadounidense
Subdivisión general Historia y crítica
9 (RLIN) 9913
650 #4 - PUNTO DE ACCESO ADICIONAL DE MATERIA--TÉRMINO DE MATERIA
Término de materia o nombre geográfico como elemento de entrada Literatura estadounidense
Subdivisión general Historia y crítica
9 (RLIN) 6786
600 14 - PUNTO DE ACCESO ADICIONAL DE MATERIA--NOMBRE DE PERSONA
Nombre de persona MILLER, ARTHUR,
Fechas asociadas al nombre 1915-2005
Subdivisión general CRÍTICA E INTERPRETACIÓN
9 (RLIN) 9914
700 1# - PUNTO DE ACCESO ADICIONAL--NOMBRE DE PERSONA
Nombre de persona Mathé, Lucrecia C. de,
Término indicativo de función/relación tr.
9 (RLIN) 9915
830 #0 - PUNTO DE ACCESO ADICIONAL DE SERIE-TÍTULO UNIFORME
Título uniforme Testimonios
9 (RLIN) 1293
910 ## - DATOS DE OPCIÓN DEL USUARIO (OCLC)
Datos de opción del usuario Catalogación por copia / LC
Holdings
Estado de retiro Estado de pérdida Restricciones de uso No para préstamo Código de colección Localización permanente Ubicación/localización actual Ubicación en estantería Fecha de adquisición Número de inventario Total de préstamos Signatura topográfica completa Código de barras Fecha visto por última vez Precio válido a partir de Tipo de ítem Koha
    Préstamo interno   Monografías: Libros y Folletos General General En catalogación 18.07.2009 LF1   812.54 M647M 3142-10 25.06.2020 25.06.2020 Préstamo interno

Powered by Koha